Pozycja Topical Term
Liczba rekordów, w których użyto hasła: 1
001 - Numer kontrolny
- control field: 40376
003 - Identyfikator numeru kontrolnego
- control field: NUKAT
005 - Data i czas ostatniej modyfikacji
- control field: 20260421133725.0
008 - Dane kontrolne kodowane (40 znaków)
- fixed length control field: 050120n||azznnbabn |a ana |
010 ## - Numer kontrolny Biblioteki Kongresu
- numer kontrolny LC: px2004301729
035 ## - Numer systemowy
- numer systemowy: a10017653
035 ## - Numer systemowy
- numer systemowy: (PL)a0000001001765
040 ## - Instytucja sporządzająca rekord
- inst. przygot. dane do rek. khw: WA N
- język haseł przedmiotowych/tezaurus: DBN
- inst. wprow. rek. khw: WA N
150 ## - Hasło - nazwa pospolita
- nazwa posp. lub nazwa geogr. na pocz.: Gazeta
455 ## - Trop zob. - nazwa rodzaju/formy
- nazwa rodzaju/formy: Dzienniki (gazety)
455 ## - Trop zob. - nazwa rodzaju/formy
- nazwa rodzaju/formy: Gazety
455 ## - Trop zob. - nazwa rodzaju/formy
- nazwa rodzaju/formy: Prasa codzienna
455 ## - Trop zob. - nazwa rodzaju/formy
- nazwa rodzaju/formy: Dziennik (gazeta)
550 ## - Trop zob. też - nazwa pospolita
- nazwa posp. lub nazwa geogr. na pocz.: Obowiązek rejestracji dzienników i czasopism
555 ## - Trop zob. też - nazwa rodz. lub formalna
- podpole kontrolne: g
- nazwa rodzajowa/formalna: Czasopisma
555 ## - Trop zob. też - nazwa rodz. lub formalna
- podpole kontrolne: h
- nazwa rodzajowa/formalna: Gazetka ścienna
555 ## - Trop zob. też - nazwa rodz. lub formalna
- podpole kontrolne: h
- nazwa rodzajowa/formalna: Gazeta frontowa
555 ## - Trop zob. też - nazwa rodz. lub formalna
- podpole kontrolne: h
- nazwa rodzajowa/formalna: Gazeta rękopiśmienna
555 ## - Trop zob. też - nazwa rodz. lub formalna
- podpole kontrolne: h
- nazwa rodzajowa/formalna: Gazeta uliczna
555 ## - Trop zob. też - nazwa rodz. lub formalna
- podpole kontrolne: h
- nazwa rodzajowa/formalna: Tabloid
682 ## - Informacja o usuniętym haśle
- tekst wyjaśniający: zmienione z:
- zastąpione hasło: Gazety